000 00314 a2200157 4500
001 179996
020 _a
040 _cMagnum
100 _aBosetti, Elisabeth
240 1 0 _aAs letras
_lpor
245 1 0 _aAs letras
362 0 _a1899
440 1 _aScipione
697 _aMAGNITO: I/PARADIDATICO
942 _cBK
999 _c179996
_d179996